Maximizing AutoCAD / (Record no. 544798)
[ view plain ]
| 000 -LEADER | |
|---|---|
| fixed length control field | 01223cam a2200265 a 4500 |
| 020 ## - INTERNATIONAL STANDARD BOOK NUMBER | |
| International Standard Book Number | 0934035563 (v. 1) : |
| 020 ## - INTERNATIONAL STANDARD BOOK NUMBER | |
| International Standard Book Number | 0934035989 (v. 2) : |
| 082 00 - DEWEY DECIMAL CLASSIFICATION NUMBER | |
| Classification number | 620/.00420285 |
| Author Mark | SMI |
| -- | L-1, P-60 |
| 100 1# - MAIN ENTRY--PERSONAL NAME | |
| Personal name | Smith, Joseph |
| 245 10 - TITLE STATEMENT | |
| Title | Maximizing AutoCAD / |
| Statement of responsibility, etc. | Joseph Smith and Rusty Gesner ; with technical assistance from Patrick Haessly. |
| 260 ## - PUBLICATION, DISTRIBUTION, ETC. | |
| Place of publication, distribution, etc. | Gresham, Or. : |
| Name of publisher, distributor, etc. | New Riders Pub., |
| Date of publication, distribution, etc. | c1991. |
| 300 ## - PHYSICAL DESCRIPTION | |
| Extent | 2 v. : |
| Other physical details | ill. ; |
| Dimensions | 24 cm. + |
| Accompanying material | 2 computer disks (5 1/4 in.) |
| 500 ## - GENERAL NOTE | |
| General note | Includes indexes. |
| 500 ## - GENERAL NOTE | |
| General note | System requirements for computer disk: PC; PC- or MS-DOS 3.0 or later; AutoCAD (Release 10 or 11); hard disk with at least 2Mb of free space; graphics display and a mouse or digitizer tablet, all configured for AutoCAD. |
| 500 ## - GENERAL NOTE | |
| General note | Vol. 2 is rev. ed. of: Inside AutoLISP. 1st ed. 1989; v. 1 is rev. ed. of: Customizing AutoCAD. 1988, 1989. |
| 505 1# - FORMATTED CONTENTS NOTE | |
| Formatted contents note | v. 1. Customizing AutoCAD with macros & menus -- v. 2. Inside AutoLISP. |
| 526 ## - STUDY PROGRAM INFORMATION NOTE | |
| Program name | 0 |
| Interest level | 0 |
| Reading level | 0 |
| Title point value | 620_004202850000000_SMI |
| 650 #0 - SUBJECT ADDED ENTRY--TOPICAL TERM | |
| Topical term or geographic name entry element | AutoLISP (Computer program language) |
| 650 #0 - SUBJECT ADDED ENTRY--TOPICAL TERM | |
| Topical term or geographic name entry element | MCE |
| 9 (RLIN) | 379 |
| 700 1# - ADDED ENTRY--PERSONAL NAME | |
| Personal name | Gesner, Rusty. |
| 700 1# - ADDED ENTRY--PERSONAL NAME | |
| Personal name | Haessly, Patrick. |
| 700 1# - ADDED ENTRY--PERSONAL NAME | |
| Personal name | Smith, Joseph |
| 9 (RLIN) | 40542 |
| 700 1# - ADDED ENTRY--PERSONAL NAME | |
| Personal name | Smith, Joseph |
| 9 (RLIN) | 40542 |
| 942 ## - ADDED ENTRY ELEMENTS (KOHA) | |
| Source of classification or shelving scheme | |
| Koha item type | Book |
| Withdrawn status | Lost status | Source of classification or shelving scheme | Damaged status | Not for loan | Permanent Location | Current Location | Date acquired | Total Checkouts | Full call number | Barcode | Date last seen | Price effective from | Koha item type |
|---|---|---|---|---|---|---|---|---|---|---|---|---|---|
| Military College of Engineering (MCE) | Military College of Engineering (MCE) | 05/12/2014 | 620/.00420285 SMI | MCE-29201 | 05/12/2014 | 05/12/2014 | Book |
